Orlando Magic 2018-19 Roster - Statistics

General Stats
  • This quiz has been taken 92 times
  • The average score is 8 of 21
Answer Stats
Nbr Post Player % Correct
00 PF Aaron Gordon
91%
9 C Nikola Vucevic
91%
10 SG Evan Fournier
78%
14 PG D.J. Augustin
68%
1 PF Jonathan Isaac
66%
5 C Mohamed Bamba
65%
31 SG Terrence Ross
63%
24 C Khem Birch
40%
17 SF Jonathon Simmons
37%
- Head Coach Steve Clifford
35%
25 SF Wes Iwundu
34%
35 SG Melvin Frazier Jr.
26%
22 PG Jerian Grant
23%
2 PF Jarell Martin
20%
11 PF Amile Jefferson
18%
13 PG Isaiah Briscoe
17%
2 C Timofey Mozgov
17%
3 PG Troy Caupain
11%
15 F Devin Davis
8%
27 G Braian Angola-Rodas
2%
12 G John Petrucelli
2%
No matching quizzes found
Score Distribution
Percent of People with Each Score
Percentile by Number Answered
Your Score History
You have not taken this quiz